Normal view
MARC view
- AJAYAMBIKA DEVI S. J
Entry Personal Name
001 - CONTROL NUMBER
- control field: 2909
003 - CONTROL NUMBER IDENTIFIER
- control field: OSt
005 - DATE AND TIME OF LATEST TRANSACTION
- control field: 20180223141529.0
008 - FIXED-LENGTH DATA ELEMENTS
- fixed length control field: 180223|| aca||aabn | a|a d
040 ## - CATALOGING SOURCE
- Original cataloging agency: OSt
- Transcribing agency: OSt
100 ## - HEADING--PERSONAL NAME
- Personal name: AJAYAMBIKA DEVI S. J
670 ## - SOURCE DATA FOUND
- Source citation: Work cat.: (OSt): AJAYAMBIKA DEVI S. J, Design fabrication and testing of a low cost greenhouse
